[Event "Lanzarote op"]
[Site "Lanzarote"]
[Date "2019.06.26"]
[Round "4"]
[White "Gonzalez, Hernan"]
[Black "Garcia Alvarez, Miguel Angel"]
[Result "1-0"]
[WhiteElo "1831"]
[BlackElo "1403"]
[PlyCount "67"]
[EventDate "2019.06.24"]
[EventType "swiss"]
[EventRounds "9"]
[EventCountry "ESP"]
[SourceTitle "CBM 191 Extra"]
[Source "ChessBase"]
[SourceDate "2019.09.30"]
[SourceVersion "1"]
[SourceVersionDate "2019.09.30"]
[SourceQuality "1"]

1. e4 e5 2. Nf3 Nf6 3. Nc3 d6 4. d4 Bg4 5. dxe5 Bxf3 6. Qxf3 dxe5 7. Bg5 Be7 8. Bb5+ c6 9. Ba4 0-0 10. 0-0 Nbd7 11. Rad1 Qb6 12. Bb3 Nc5 13. Na4 Nxa4 14. Bxa4 Rfd8 15. Bb3 Rxd1 16. Rxd1 Rd8 17. Be3 Rxd1+ 18. Qxd1 c5 19. f3 Qc7 20. c3 b6 21. Qd3 Qd7 22. Bc4 Qxd3 23. Bxd3 Bd6 24. g3 Kf8 25. Kf2 Nd7 26. f4 f6 27. Kf3 Ke7 28. Bc4 h6 29. Kg4 exf4 30. gxf4 g5 31. e5 fxe5 32. fxg5 hxg5 33. Bxg5+ Nf6+ 34. Kf5 1-0

[Event "Lanzarote op"]
[Site "Lanzarote"]
[Date "2019.06.25"]
[Round "2"]
[White "Gonzalez, Hernan"]
[Black "Sanchez Orozco, Edward Steven"]
[Result "1-0"]
[WhiteElo "1831"]
[BlackElo "1341"]
[PlyCount "45"]
[EventDate "2019.06.24"]
[EventType "swiss"]
[EventRounds "9"]
[EventCountry "ESP"]
[SourceTitle "CBM 191 Extra"]
[Source "ChessBase"]
[SourceDate "2019.09.30"]
[SourceVersion "1"]
[SourceVersionDate "2019.09.30"]
[SourceQuality "1"]

1. e4 e5 2. Nf3 Nc6 3. Bb5 Nf6 4. d3 Bc5 5. c3 d6 6. h3 a6 7. Ba4 b5 8. Bb3 Bb7 9. 0-0 0-0 10. Bg5 h6 11. Bh4 Nb8 12. Re1 Re8 13. Nbd2 Nc6 14. Nf1 Qd7 15. Bxf6 gxf6 16. Ng3 Ne7 17. Nh5 Kh8 18. Nxf6 Qd8 19. Qd2 Ng8 20. Nxe8 Qxe8 21. d4 exd4 22. cxd4 Bb6 23. Qf4 1-0